000 00437nam a2200181Ia 4500
001 11254
005 20260306161932.0
008 260306t1997||||xx |||||||||||||| ||spa||
041 _aESP
082 _a985.019
_bR84P
100 _aRostworowski, María
_eAUT
245 0 _aPachacutec y la leyenda de los Chancas
260 _c1997
300 _a85 páginas :
_c21cm.
650 _aGEN
654 _aCHU
942 _cLIB
_dJUS
_fJUS
_2ddc
_n
999 _c11254
_d11254